| 000 | 00738nam a2200229Ia 4500 | ||
|---|---|---|---|
| 001 | 15861 | ||
| 003 | GE_BSU | ||
| 008 | 181216s||||||||xx |||||||||||||| ||und|| | ||
| 040 | _cGE_BSU | ||
| 080 | _a821.353.1-1 | ||
| 100 | _aჭელიძე, ოთარ | ||
| 245 | _aმინდვრის მბრძანებელი | ||
| 245 | _bლექსები | ||
| 245 | _cრედ.შ.აფხაიძე. მხატვ.დ.ავალიანი | ||
| 260 | _aთბილისი | ||
| 260 | _bსაბჭ. მწერალი | ||
| 260 | _c1954 | ||
| 300 | _a118გვ. ; 21სმ. | ||
| 653 | _aლექსები | ||
| 653 | _aმინდვრის მბრძანებელი | ||
| 942 | _cBK | ||
| 999 |
_c48958 _d48958 |
||